Slovenské zahraničie časopis Domu zahraničných Slovákov

Bibliographic Details
Other Authors: Čáni, Ladislav, 1961- (Publishing director), Dobrík, Vladimír (Publishing director)
Format: Journal
Language:Slovak
PhysicalDescription:14 zv. 28 cm
Published: Bratislava Dom zahraničných Slovákov 1996-2009
Bratislava Úrad pre Slovákov žijúcich v zahraničí
Bratislava Astor Slovakia
ISSN:1335-4396
Subjects:

MARC

LEADER 00000cas a2200000 a 4500
001 vtls001473668
003 SK-MaSNL
005 20260228160751.0
008 040422d19962009xo qr|p 0 0b0slo c
022 |a 1335-4396 
035 |a SNK000428970 
035 |a (SVKBB03)vtls000047792 
040 |a SNK  |b slo  |c SNK  |d SAVUK  |d SVKBB  |e AACR2 
041 |a slo 
044 |a xo  |c SK 
072 7 |a 323  |x Vnútropolitický vývoj, politický život  |2 konspekt 
080 |a 050  |2 2001 
080 |a (=162.4)  |2 2001 
080 |a 323.5  |2 2001 
210 0 |a Slov. zahr. 
222 0 |a Slovenské zahraničie 
245 0 0 |a Slovenské zahraničie  |b časopis Domu zahraničných Slovákov 
260 |a Bratislava  |b Dom zahraničných Slovákov  |c 1996-2009 
260 2 |3 2006  |a Bratislava  |b Úrad pre Slovákov žijúcich v zahraničí 
260 3 |3 2007-2009  |a Bratislava  |b Astor Slovakia 
300 |a 14 zv.  |c 28 cm 
310 |a 4x ročne  |b 2003-2009 
321 |a 1x mesačne  |b 1996-2002 
362 0 |a Roč. 1, č. 1 (1996)-roč.14, č. 4 (2009) 
500 |a Podnázov od r. 2007: časopis Úradu pre Slovákov žijúcich v zahraničí 
500 |a Vydávanie časopisu na rok 2010 pozastavené 
500 |a Registračné č. MK SR: EV 633/08 
500 |a Šéfredaktor: (?-2006), Ladislav Čáni; (2007-2009), Vladimír Dobrík 
650 0 7 |a Slováci v zahraničí  |2 SNKPH  |9 14695 
650 0 7 |a národnostné menšiny  |2 SNKPH  |9 2669 
655 7 |a časopisy záujmových združení a spolkov  |2 SNKPH  |9 141943 
700 1 |a Čáni, Ladislav,  |d 1961-  |4 pbd  |9 85165 
700 1 |a Dobrík, Vladimír  |4 pbd  |9 267284 
710 2 |a Dom zahraničných Slovákov (Bratislava, Slovensko)  |4 pbl  |9 32116 
852 |a Štátna vedecká knižnica v Banskej Bystrici 
910 |a savuk 
910 |a snk 
916 |a 1996-2009 
999 |c 3567  |d 5497 
952 |t č. 1-4  |a SNK  |b SNK  |y PREZ  |7 0  |p 17A0563513  |o snkČSB 5597/10/2005  |i snk2008/1010  |8 0  |f 1  |0 0  |1 0  |4 0  |d 2008-01-15  |l 0  |r 2026-02-21 20:16:03  |w 2026-02-21 
952 |t č. 1-12, neúplný  |a SNK  |b SNK  |y PREZ  |7 0  |p 17A0563501  |o snkČSB 5597/3/1998 D1  |i snk2008/985  |8 0  |z chýba č. 3, 5  |0 0  |1 0  |4 0  |d 2008-01-15  |l 0  |r 2026-02-21 20:21:41  |w 2026-02-21 
952 |t č. 1-12  |a SNK  |b SNK  |y PREZ  |7 0  |p 17A0563502  |o snkČSB 5597/4/1999  |i snk2008/991  |8 0  |f 1  |0 0  |1 0  |4 0  |d 2008-01-15  |l 0  |r 2026-02-21 20:21:41  |w 2026-02-21 
952 |t č. 1-12  |a SNK  |b SNK  |y PREZ  |7 0  |p 17A0563503  |o snkČSB 5597/4/1999 D1  |i snk2008/994  |8 0  |0 0  |1 0  |4 0  |d 2008-01-15  |l 1  |r 2026-03-12 10:06:00  |s 2026-03-12  |w 2026-02-21 
952 |t č. 1-12  |a SNK  |b SNK  |y PREZ  |7 0  |p 17A0563504  |o snkČSB 5597/5/2000  |i snk2008/995  |8 0  |f 1  |0 0  |1 0  |4 0  |d 2008-01-15  |l 0  |r 2026-02-21 20:21:42  |w 2026-02-21 
952 |t č. 1-4  |a SNK  |b SNK  |y PREZ  |7 0  |p 17A0563505  |o snkČSB 5597/7/2002 D1  |i snk2015/12795  |8 1  |0 0  |1 0  |4 0  |d 2008-01-15  |l 0  |r 2026-02-21 20:21:42  |w 2026-02-21 
952 |t č. 1-12  |a SNK  |b SNK  |y PREZ  |7 0  |p 17A0563506  |o snkČSB 5597/6/2001  |i snk2008/999  |8 0  |f 1  |0 0  |1 0  |4 0  |d 2008-01-15  |l 0  |r 2026-02-21 20:21:42  |w 2026-02-21 
952 |t č. 1-12  |a SNK  |b SNK  |y PREZ  |7 0  |p 17A0563507  |o snkČSB 5597/6/2001 D1  |i snk2008/1000  |8 0  |0 0  |1 0  |4 0  |d 2008-01-15  |l 0  |r 2026-02-21 20:21:42  |w 2026-02-21 
952 |t č. 1-4  |a SNK  |b SNK  |y PREZ  |7 0  |p 17A0563508  |o snkČSB 5597/7/2002  |i snk2008/1001  |8 0  |f 1  |0 0  |1 0  |4 0  |d 2008-01-15  |l 0  |r 2026-02-21 20:21:42  |w 2026-02-21 
952 |t č. 1-4  |a SNK  |b SNK  |y PREZ  |7 0  |p 17A0563509  |o snkČSB 5597/8/2003  |i snk2008/1004  |8 0  |f 1  |0 0  |1 0  |4 0  |d 2008-01-15  |l 0  |r 2026-02-21 20:21:42  |w 2026-02-21 
952 |t č. 1-4  |a SNK  |b SNK  |y PREZ  |7 0  |p 17A0563510  |o snkČSB 5597/8/2003 D1  |i snk2008/1005  |8 0  |0 0  |1 0  |4 0  |d 2008-01-15  |l 0  |r 2026-02-21 20:21:42  |w 2026-02-21 
952 |t č. 1-4  |a SNK  |b SNK  |y PREZ  |7 0  |p 17A0563511  |o snkČSB 5597/9/2004  |i snk2008/1007  |8 0  |f 1  |0 0  |1 0  |4 0  |d 2008-01-15  |l 0  |r 2026-02-21 20:21:42  |w 2026-02-21 
952 |t č. 1-4  |a SNK  |b SNK  |y PREZ  |7 0  |p 17A0563512  |o snkČSB 5597/9/2004 D1  |i snk2008/1009  |8 0  |0 0  |1 0  |4 0  |d 2008-01-15  |l 0  |r 2026-02-21 20:21:42  |w 2026-02-21 
952 |t č. 1-4  |a SNK  |b SNK  |y PREZ  |7 0  |p 17A0563514  |o snkČSB 5597/10/2005 D1  |i snk2008/1013  |8 0  |0 0  |1 0  |4 0  |d 2008-01-15  |l 0  |r 2026-02-21 20:21:42  |w 2026-02-21 
952 |t č. 1-8  |a SNK  |b SNK  |y PREZ  |7 0  |p 17A0563497  |o snkČSB 5597/1/1996  |i snk2008/977  |8 0  |f 1  |0 0  |1 0  |4 0  |d 2008-01-15  |l 0  |r 2026-02-21 20:28:17  |w 2026-02-21 
952 |t č. 1-8  |a SNK  |b SNK  |y PREZ  |7 0  |p 17A0563498  |o snkČSB 5597/1/1996 D1  |i snk2008/978  |8 0  |0 0  |1 0  |4 0  |d 2008-01-15  |l 0  |r 2026-02-21 20:28:17  |w 2026-02-21 
952 |t č. 1-12  |a SNK  |b SNK  |y PREZ  |7 0  |p 17A0563499  |o snkČSB 5597/2/1997  |i snk2008/981  |8 0  |z Č. 6 nevydali.  |f 1  |0 0  |1 0  |4 0  |d 2008-01-15  |l 0  |r 2026-02-21 20:28:17  |w 2026-02-21 
952 |t č. 1-12  |a SNK  |b SNK  |y PREZ  |7 0  |p 17A0563500  |o snkČSB 5597/3/1998  |i snk2008/982  |8 0  |z č. 1 -12  |f 1  |0 0  |1 0  |4 0  |d 2008-01-15  |l 0  |r 2026-02-21 20:28:17  |w 2026-02-21 
952 |t č. 1-12  |a SNK  |b SNK  |y PREZ  |7 0  |p 17A1096229  |o snkČSB 5597/2/1997 D1  |i snk2015/12784  |8 1  |0 0  |1 0  |4 0  |d 2015-04-16  |l 0  |r 2026-02-21 21:25:53  |w 2026-02-21 
952 |t č. 1-4, neúplné  |a SNK  |b SNK  |y NEVYP  |7 1  |p 17A1088799  |o snkČSB 5597/11/2006  |i snk2014/18486  |8 0  |z chýba č. 4  |f 1  |0 0  |1 0  |4 0  |d 2014-09-10  |l 0  |r 2026-02-21 21:44:37  |w 2026-02-21 
952 |t č. 1-4, neúplné  |a SNK  |b SNK  |y PREZ  |7 0  |p 17A1088800  |o snkČSB 5597/11/2006 D1  |i snk2014/18487  |8 0  |z chýba č. 4  |0 0  |1 0  |4 0  |d 2014-09-10  |l 0  |r 2026-02-21 21:44:37  |w 2026-02-21 
952 |t č. 1-4  |a SNK  |b SNK  |y NEVYP  |7 1  |p 17A1088801  |o snkČSB 5597/12/2007  |i snk2014/18488  |8 0  |f 1  |0 0  |1 0  |4 0  |d 2014-09-10  |l 0  |r 2026-02-21 21:44:37  |w 2026-02-21 
952 |t č. 1-4  |a SNK  |b SNK  |y PREZ  |7 0  |p 17A1088802  |o snkČSB 5597/12/2007 D1  |i snk2014/18489  |8 0  |0 0  |1 0  |4 0  |d 2014-09-10  |l 0  |r 2026-02-21 21:44:37  |w 2026-02-21 
952 |t č. 1-4  |a SNK  |b SNK  |y NEVYP  |7 1  |p 17A1088803  |o snkČSB 5597/13/2008  |i snk2014/18490  |8 0  |f 1  |0 0  |1 0  |4 0  |d 2014-09-10  |l 0  |r 2026-02-21 21:44:37  |w 2026-02-21 
952 |t č. 1-4  |a SNK  |b SNK  |y PREZ  |7 0  |p 17A1088804  |o snkČSB 5597/13/2008 D1  |i snk2014/18491  |8 0  |0 0  |1 0  |4 0  |d 2014-09-10  |l 0  |r 2026-02-21 21:44:37  |w 2026-02-21 
952 |t č. 1-4  |a SNK  |b SNK  |y NEVYP  |7 1  |p 17A1088805  |o snkČSB 5597/14/2009  |i snk2014/18492  |8 0  |f 1  |0 0  |1 0  |4 0  |d 2014-09-10  |l 0  |r 2026-02-21 21:44:41  |w 2026-02-21 
952 |t č. 1-4  |a SNK  |b SNK  |y PREZ  |7 0  |p 17A1088806  |o snkČSB 5597/14/2009 D1  |i snk2014/18493  |8 0  |0 0  |1 0  |4 0  |d 2014-09-10  |l 0  |r 2026-02-21 21:44:41  |w 2026-02-21